| 000 | 00517nam a2200217Ia 4500 | ||
|---|---|---|---|
| 003 | OSt | ||
| 005 | 20230223123959.0 | ||
| 008 | 210210b1959 xxu||||| |||| 00| 0 eng d | ||
| 040 | _cAL | ||
| 041 | _aeng | ||
| 082 | _a956/7 | ||
| 100 |
_aBARNES (Harry Elmer) _973084 |
||
| 245 | _aIllustrated of mankind | ||
| 260 |
_aChicago _bSpencer Press Inc _c1959 |
||
| 300 | _a380 | ||
| 650 |
_amankind _973085 |
||
| 650 |
_aIllustrated _973086 |
||
| 690 |
_aWorld History _973087 |
||
| 906 | _a002240 | ||
| 942 |
_2ddc _cBK |
||
| 999 |
_c121192 _d121192 |
||